[Event "RSA-chT U20"]
[Site "Boksburg"]
[Date "2020.01.06"]
[Round "4.1"]
[White "Ngcongo, Minenhle"]
[Black "Wolmarans, Riekie"]
[Result "1-0"]
[WhiteElo "1622"]
[BlackElo "1509"]
[PlyCount "78"]
[EventDate "2020.01.04"]
[EventType "team-tourn"]
[EventRounds "7"]
[EventCountry "RSA"]
[SourceTitle "CBM 194 Extra"]
[Source "ChessBase"]
[SourceDate "2020.03.31"]
[SourceVersion "1"]
[SourceVersionDate "2020.03.31"]
[SourceQuality "1"]
[WhiteTeam "Ethekwini U20"]
[BlackTeam "Ekurhuleni U20"]
[WhiteTeamCountry "RSA"]
[BlackTeamCountry "RSA"]

1. e4 e6 2. d4 d5 3. Nc3 Nf6 4. e5 Nfd7 5. f4 c5 6. Nf3 Nc6 7. Be3 Qb6 8. Na4 Qa5+ 9. c3 cxd4 10. b4 Qc7 11. Nxd4 Nxd4 12. Bxd4 Be7 13. Bd3 b6 14. 0-0 f5 15. g4 g6 16. gxf5 exf5 17. e6 Nf6 18. Bb5+ Kf8 19. c4 dxc4 20. Be5 Qb7 21. Bxc4 b5 22. Nc5 Qb6 23. Qd4 bxc4 24. Bxf6 Rg8 25. Rad1 Rb8 26. Rfe1 Ke8 27. Nd7 Qxd4+ 28. Bxd4 Rxb4 29. Nf6+ Bxf6 30. Bxf6 Bxe6 31. Rxe6+ Kf7 32. Rc6 Re8 33. Rd7+ Kf8 34. Bg7+ Kg8 35. Be5 Rb1+ 36. Kf2 Rc1 37. Rcc7 Rc2+ 38. Kf3 h5 39. Rg7+ Kh8 1-0

[Event "RSA-chT U20A"]
[Site "Boksburg"]
[Date "2018.12.19"]
[Round "6.3"]
[White "Mohale, Malema"]
[Black "Wolmarans, Riekie"]
[Result "0-1"]
[WhiteElo "1131"]
[BlackElo "1641"]
[PlyCount "113"]
[EventDate "2018.12.16"]
[EventType "team-tourn"]
[EventRounds "7"]
[EventCountry "RSA"]
[SourceTitle "EXT 2020"]
[Source "ChessBase"]
[SourceDate "2019.10.17"]
[SourceVersion "1"]
[SourceVersionDate "2019.10.17"]
[SourceQuality "1"]
[WhiteTeam "Capricorn U20"]
[BlackTeam "Ekurhuleni U20"]
[WhiteTeamCountry "RSA"]
[BlackTeamCountry "RSA"]

1. e4 e6 2. d4 d5 3. exd5 exd5 4. Nf3 Nf6 5. Nc3 Be7 6. Be2 0-0 7. 0-0 Bf5 8. Bf4 c6 9. Bd3 Bg4 10. Be2 Nbd7 11. Ne5 Bxe2 12. Qxe2 Re8 13. Qd2 Bb4 14. a3 Ne4 15. Qd3 Nxc3 16. bxc3 Ba5 17. Nxd7 Qxd7 18. c4 dxc4 19. Qxc4 Qd5 20. Qxd5 cxd5 21. Rab1 b6 22. Rb5 Rad8 23. h3 h6 24. Be3 a6 25. Rb3 Rc8 26. Rc1 Rc4 27. g4 Rec8 28. Rb2 b5 29. Ra2 Bb6 30. a4 b4 31. c3 bxc3 32. Rac2 Bxd4 33. Bxd4 Rxd4 34. Rxc3 Rxc3 35. Rxc3 Rxa4 36. Rd3 d4 37. Kg2 Rc4 38. Ra3 Rc6 39. Kf1 Kh7 40. Ke2 Kg6 41. f4 Kf6 42. Ra5 g6 43. h4 Ke6 44. Re5+ Kd7 45. Kd3 f6 46. Ra5 Rd6 47. g5 h5 48. gxf6 Rxf6 49. Kxd4 Rxf4+ 50. Ke3 Rxh4 51. Rxa6 Rg4 52. Kf3 Ke7 53. Ra7+ Kf6 54. Ra5 Rc4 55. Kg3 Re4 56. Rb5 Re5 57. Rb4 0-1

[Event "RSA-chT U20A"]
[Site "Boksburg"]
[Date "2018.12.17"]
[Round "3.3"]
[White "Wolmarans, Riekie"]
[Black "Gandhi, Eleesh"]
[Result "1-0"]
[WhiteElo "1641"]
[BlackElo "930"]
[PlyCount "53"]
[EventDate "2018.12.16"]
[EventType "team-tourn"]
[EventRounds "7"]
[EventCountry "RSA"]
[SourceTitle "EXT 2020"]
[Source "ChessBase"]
[SourceDate "2019.10.17"]
[SourceVersion "1"]
[SourceVersionDate "2019.10.17"]
[SourceQuality "1"]
[WhiteTeam "Ekurhuleni U20"]
[BlackTeam "Eden District U20"]
[WhiteTeamCountry "RSA"]
[BlackTeamCountry "RSA"]

1. d4 d5 2. c4 c5 3. Nf3 Nc6 4. e3 Nf6 5. Nc3 Bf5 6. a3 e6 7. Bd3 Bxd3 8. Qxd3 g6 9. 0-0 Bg7 10. dxc5 Na5 11. cxd5 Nxd5 12. Nxd5 0-0 13. Nb4 Qxd3 14. Nxd3 Nb3 15. Rb1 Nxc1 16. Rfxc1 Rac8 17. b4 Rfd8 18. Nde5 f6 19. Nc4 f5 20. Rd1 a6 21. Rd6 Kf7 22. Rbd1 Ke7 23. Nb6 Rb8 24. Rxd8 Rxd8 25. Rxd8 Kxd8 26. Nd4 Bxd4 27. exd4 1-0

[Event "RSA-chT U20A"]
[Site "Boksburg"]
[Date "2018.12.16"]
[Round "2.3"]
[White "Moremi, Thato"]
[Black "Wolmarans, Riekie"]
[Result "1/2-1/2"]
[WhiteElo "1659"]
[BlackElo "1641"]
[PlyCount "92"]
[EventDate "2018.12.16"]
[EventType "team-tourn"]
[EventRounds "7"]
[EventCountry "RSA"]
[SourceTitle "EXT 2020"]
[Source "ChessBase"]
[SourceDate "2019.10.17"]
[SourceVersion "1"]
[SourceVersionDate "2019.10.17"]
[SourceQuality "1"]
[WhiteTeam "Johannesburg Metro U20"]
[BlackTeam "Ekurhuleni U20"]
[WhiteTeamCountry "RSA"]
[BlackTeamCountry "RSA"]

1. d4 Nf6 2. Nf3 g6 3. Bf4 Bg7 4. e3 0-0 5. c3 d6 6. h3 Nbd7 7. Bc4 e6 8. Nbd2 Qe7 9. 0-0 e5 10. Bh2 e4 11. Ne1 d5 12. Be2 c6 13. Nc2 Kh8 14. c4 Rg8 15. c5 g5 16. Bd6 Qe6 17. f3 Bf8 18. Bxf8 Nxf8 19. fxe4 Nxe4 20. Nxe4 dxe4 21. Bg4 Qe7 22. Bxc8 Rxc8 23. b4 Qe6 24. g4 Ng6 25. Qe2 Nh4 26. Ne1 Rcf8 27. Qb2 Qd5 28. Qb3 f5 29. Qxd5 cxd5 30. gxf5 Rxf5 31. Rxf5 Nxf5 32. Ng2 Kg7 33. a4 Kf6 34. b5 Ke6 35. Rf1 h5 36. Kh2 h4 37. a5 Rc8 38. Rc1 Kd7 39. Kg1 Ng3 40. Rc2 Rf8 41. Rf2 Rxf2 42. Kxf2 Nh1+ 43. Ke2 Ng3+ 44. Kf2 Nh1+ 45. Kg1 Ng3 46. Kf2 Nh1+ 1/2-1/2

[Event "RSA-ch U16 Girls"]
[Site "Gauteng"]
[Date "2017.04.05"]
[Round "1"]
[White "Wolmarans, Riekie"]
[Black "Swart, Sune"]
[Result "1/2-1/2"]
[WhiteElo "1412"]
[BlackElo "1117"]
[PlyCount "38"]
[EventDate "2017.04.05"]
[EventType "swiss"]
[EventRounds "11"]
[EventCountry "RSA"]
[SourceTitle "CBM 177 Extra"]
[Source "ChessBase"]
[SourceDate "2017.04.27"]
[SourceVersion "1"]
[SourceVersionDate "2017.04.27"]
[SourceQuality "1"]

1. d4 e6 2. f4 d5 3. Nf3 c5 4. e3 Nc6 5. c3 Qb6 6. Qb3 Qxb3 7. axb3 Nf6 8. Nbd2 a6 9. Bd3 Bd7 10. 0-0 cxd4 11. exd4 Be7 12. Ne5 0-0 13. Ndf3 Nxe5 14. Nxe5 h6 15. Re1 Rac8 16. Re2 Bc6 17. Re1 Nd7 18. Nxd7 Bxd7 19. Re3 Bh4 1/2-1/2

[Event "Boksburg Inter Region-ch"]
[Site "Boksburg"]
[Date "2016.12.23"]
[Round "7.3"]
[White "Wolmarans, Riekie"]
[Black "Schoeman, Ewald"]
[Result "0-1"]
[WhiteElo "1360"]
[BlackElo "1435"]
[PlyCount "100"]
[EventDate "2016.12.20"]
[EventType "team-swiss"]
[EventRounds "7"]
[EventCountry "RSA"]
[SourceTitle "CBM 176 Extra"]
[Source "ChessBase"]
[SourceDate "2017.03.02"]
[SourceVersion "1"]
[SourceVersionDate "2017.03.02"]
[SourceQuality "1"]
[WhiteTeam "All Stars"]
[BlackTeam "Beliebers"]
[WhiteTeamCountry "RSA"]
[BlackTeamCountry "RSA"]

1. d4 Nf6 2. e3 g6 3. Bd3 Bg7 4. f4 d6 5. Nf3 0-0 6. 0-0 b6 7. Nbd2 Bb7 8. Qe2 Nbd7 9. c3 Re8 10. f5 e5 11. fxg6 hxg6 12. dxe5 Nxe5 13. Nxe5 Rxe5 14. Nf3 Re7 15. Bd2 Qd7 16. Rae1 Rae8 17. Qf2 Nd5 18. e4 Nf6 19. Bg5 Nxe4 20. Bxe4 Rxe4 21. Rxe4 Bxe4 22. Re1 Bxf3 23. Rxe8+ Qxe8 24. Qxf3 Qe1+ 25. Qf1 Qxf1+ 26. Kxf1 f6 27. Be3 Kf7 28. Ke2 Ke6 29. Bf2 f5 30. Kd3 a6 31. Bd4 Bxd4 32. Kxd4 c5+ 33. Ke3 Ke5 34. g3 d5 35. h4 b5 36. b3 a5 37. a3 d4+ 38. cxd4+ cxd4+ 39. Kd3 Kd5 40. a4 b4 41. Kd2 Ke4 42. Ke2 d3+ 43. Kd2 Kd4 44. Kd1 Kc3 45. Kc1 Kxb3 46. Kd2 Kc4 47. Kd1 Kc3 48. Kc1 b3 49. Kb1 d2 50. Ka1 d1Q# 0-1

[Event "Africa-ch U16 Girls"]
[Site "Port Elizabeth"]
[Date "2016.08.24"]
[Round "5"]
[White "Wolmarans, Riekie"]
[Black "Joubert, Dantelle"]
[Result "0-1"]
[WhiteElo "1447"]
[BlackElo "1494"]
[PlyCount "54"]
[EventDate "2016.08.22"]
[EventType "swiss"]
[EventRounds "9"]
[EventCountry "RSA"]
[SourceTitle "CBM 174 Extra"]
[Source "ChessBase"]
[SourceDate "2016.10.10"]
[SourceVersion "1"]
[SourceVersionDate "2016.10.10"]
[SourceQuality "1"]

1. d4 d5 2. Bf4 Nf6 3. Nf3 e6 4. e3 c6 5. c3 Ne4 6. Nbd2 f5 7. Nxe4 fxe4 8. Ne5 g6 9. Qg4 Bg7 10. h4 Bf6 11. Bg5 Rf8 12. Be2 Qe7 13. Bxf6 Qxf6 14. f3 exf3 15. gxf3 Nd7 16. f4 Rg8 17. Qg5 Qf8 18. Kd2 Nf6 19. Bf3 Bd7 20. h5 h6 21. Qh4 g5 22. fxg5 Rxg5 23. Rag1 Nh7 24. Rxg5 Nxg5 25. Bg2 Qg8 26. Ng6 Qg7 27. Rf1 0-0-0 0-1

[Event "World ol U16"]
[Site "Poprad"]
[Date "2016.07.27"]
[Round "6.1"]
[White "Ieong, Seak Hin"]
[Black "Wolmarans, Riekie"]
[Result "0-1"]
[WhiteElo "1726"]
[BlackElo "1429"]
[PlyCount "56"]
[EventDate "2016.07.22"]
[EventType "team-swiss"]
[EventRounds "9"]
[EventCountry "SVK"]
[SourceTitle "EXT 2017"]
[Source "ChessBase"]
[SourceDate "2016.10.25"]
[SourceVersion "1"]
[SourceVersionDate "2016.10.25"]
[SourceQuality "1"]
[WhiteTeam "Macau"]
[BlackTeam "South Africa III"]
[WhiteTeamCountry "MAC"]
[BlackTeamCountry "RSA"]

1. e4 c5 2. Nc3 d6 3. g3 g6 4. Bg2 Bg7 5. d3 Nf6 6. Nge2 Nc6 7. 0-0 0-0 8. Bg5 a6 9. a4 Bd7 10. Qd2 Rb8 11. f4 b5 12. axb5 axb5 13. f5 b4 14. Nd5 Nxd5 15. exd5 Nd4 16. fxg6 hxg6 17. Rae1 Re8 18. Kh1 Nxe2 19. Rxe2 Bxb2 20. Qf4 f6 21. Be4 f5 22. Qh4 fxe4 23. Bh6 Bg7 24. Qxe4 Rf8 25. Rf4 Bxh6 26. Qxg6+ Bg7 27. Rh4 Bf5 28. Qg5 b3 0-1

[Event "World ol U16"]
[Site "Poprad"]
[Date "2016.07.27"]
[Round "7.1"]
[White "Wolmarans, Riekie"]
[Black "Lin, Pin Chen"]
[Result "0-1"]
[WhiteElo "1429"]
[BlackElo "2077"]
[PlyCount "98"]
[EventDate "2016.07.22"]
[EventType "team-swiss"]
[EventRounds "9"]
[EventCountry "SVK"]
[SourceTitle "EXT 2017"]
[Source "ChessBase"]
[SourceDate "2016.10.25"]
[SourceVersion "1"]
[SourceVersionDate "2016.10.25"]
[SourceQuality "1"]
[WhiteTeam "South Africa III"]
[BlackTeam "Japan"]
[WhiteTeamCountry "RSA"]
[BlackTeamCountry "JPN"]

1. d4 Nf6 2. Bf4 g6 3. Nf3 Bg7 4. e3 0-0 5. Bd3 d6 6. 0-0 Nbd7 7. Nbd2 Qe8 8. Bg3 e5 9. dxe5 dxe5 10. e4 Nh5 11. Qe2 Qe7 12. Nb3 Re8 13. Bh4 f6 14. Rad1 Nf8 15. Rfe1 Bh6 16. Bg3 Ne6 17. Bc4 Kh8 18. Bxe6 Bxe6 19. Nfd2 a5 20. a3 a4 21. Nc1 Qc5 22. Nf1 Qb6 23. Nd3 Rad8 24. Ne3 c6 25. Nb4 Bf8 26. Rxd8 Rxd8 27. Nd3 Be7 28. Rd1 Bf7 29. Kh1 Ng7 30. f3 Ne6 31. Bf2 Nd4 32. Qd2 Qc7 33. Ng4 Nxc2 34. Rc1 Nd4 35. Bxd4 Rxd4 36. Ngf2 Qd8 37. Qe3 Bc4 38. Rd1 c5 39. h3 Ba6 40. Kh2 c4 41. Nxe5 fxe5 42. Qc1 Rxd1 43. Qxd1 Qxd1 44. Nxd1 Bc5 45. g4 g5 46. Kg2 Kg7 47. Kf1 c3+ 48. Kg2 c2 49. Nf2 c1Q 0-1

[Event "RSA-chT Regions"]
[Site "Cape Town"]
[Date "2016.01.09"]
[Round "5.3"]
[White "Du Plessis, Anika"]
[Black "Wolmarans, Riekie"]
[Result "1-0"]
[WhiteElo "1337"]
[BlackElo "1419"]
[PlyCount "40"]
[EventDate "2016.01.08"]
[EventType "team-swiss"]
[EventRounds "7"]
[EventCountry "RSA"]
[SourceTitle "CBM 170 Extra"]
[Source "ChessBase"]
[SourceDate "2016.02.25"]
[SourceVersion "1"]
[SourceVersionDate "2016.02.25"]
[SourceQuality "1"]
[WhiteTeam "Ekurhuleni"]
[BlackTeam "All Stars"]
[WhiteTeamCountry "RSA"]
[BlackTeamCountry "RSA"]

1. d4 d5 2. c4 e6 3. Nc3 Nf6 4. Nf3 Nc6 5. Bg5 Be7 6. e3 a6 7. Bd3 b6 8. 0-0 Bb7 9. cxd5 Nxd5 10. Bxe7 Ndxe7 11. Be4 Qd7 12. Ne5 Nxe5 13. Bxb7 Ra7 14. Bxa6 N5g6 15. Be2 0-0 16. Rc1 Ra5 17. b4 Ra7 18. Qb3 Nf5 19. Nb5 Rb7 20. Bf3 Rfb8 1-0

[Event "RSA-ch U14 Girls"]
[Site "Waterkloof"]
[Date "2015.04.06"]
[Round "3"]
[White "Engelbrecht, Hanri"]
[Black "Wolmarans, Riekie"]
[Result "1-0"]
[WhiteElo "1337"]
[BlackElo "1302"]
[PlyCount "60"]
[EventDate "2015.04.04"]
[EventType "swiss"]
[EventRounds "9"]
[EventCountry "RSA"]
[SourceTitle "CBM 166 Extra"]
[Source "ChessBase"]
[SourceDate "2015.06.18"]
[SourceVersion "1"]
[SourceVersionDate "2015.06.18"]
[SourceQuality "1"]

1. e4 e5 2. Nf3 Nc6 3. d4 exd4 4. Bc4 h6 5. Nxd4 Nxd4 6. Qxd4 d6 7. Nc3 Nf6 8. 0-0 Be7 9. f4 0-0 10. Kh1 Bd7 11. Rg1 Qc8 12. f5 a6 13. g4 Nh7 14. Nd5 Qd8 15. Bf4 Ng5 16. Qe3 b5 17. Bd3 Bc6 18. h4 Nh7 19. Nxe7+ Qxe7 20. g5 hxg5 21. hxg5 Qd8 22. Qh3 d5 23. Rae1 Re8 24. e5 d4+ 25. Be4 Bxe4+ 26. Rxe4 Qd5 27. Rge1 Rad8 28. f6 g6 29. Qh6 Qxe4+ 30. Rxe4 Nf8 1-0